International Financial Statistics Yearbook 1994

Na minha lista:
Detalhes bibliográficos
Formato: Livro
Idioma:inglês
Publicado em: Washington, D.C. International Monetary Fund 1994
Assuntos:
Tags: Adicionar Tag
Sem tags, seja o primeiro a adicionar uma tag!

MARC

LEADER 00000nam a2200000 4500
001 c010784
005 20260105082426.9
020 |a 1-55775-392-X 
041 0 |a eng 
044 |a US 
245 1 0 |a International Financial Statistics Yearbook 1994 
264 1 |a Washington, D.C.  |b International Monetary Fund  |c 1994 
300 |a 787 s. 
610 2 0 |a financie medzinárodné 
610 2 0 |a kurz výmenný 
610 2 0 |a rezervy finančné 
610 2 0 |a štatistika finančná